|
|
|
|
| LEADER |
01684nam a22004572a 4500 |
| 001 |
001769519 |
| 003 |
CZ BrMZK |
| 005 |
20200918094337.0 |
| 007 |
ta |
| 008 |
200918s1976 xr er|||||||||||cze d |
| 015 |
|
|
|a cnb000411096
|
| 020 |
|
|
|q (Vázáno) :
|c Kčs 21,00
|
| 035 |
|
|
|a (OCoLC)6223903
|
| 040 |
|
|
|a ABA001
|b cze
|c HKA001
|d ABA001
|d BOA001
|
| 043 |
|
|
|a e-xr---
|
| 045 |
|
|
|a x3x4
|
| 072 |
|
7 |
|a 323
|x Vnitropolitický vývoj, politický život
|2 Konspekt
|9 15
|
| 080 |
|
|
|a 323.25/.26:329.18
|2 MRF
|
| 080 |
|
|
|a 94(100)"1939/1945"
|2 MRF
|
| 080 |
|
|
|a 656.2-051
|2 MRF
|
| 080 |
|
|
|a 656.2
|2 MRF
|
| 080 |
|
|
|a (437.3)
|2 MRF
|
| 080 |
|
|
|a (048.8)
|2 MRF
|
| 100 |
1 |
|
|a Hlušičková, Růžena,
|d 1939-
|7 jk01041359
|4 aut
|
| 245 |
1 |
0 |
|a Železničáři v odboji /
|c Růžena Hlušičková, Ludmila Kubátová, Irena Malá
|
| 250 |
|
|
|a 1. vyd.
|
| 260 |
|
|
|a Praha :
|b Nakladatelství dopravy a spojů,
|c 1976
|
| 300 |
|
|
|a 107 s., [45] s. obr. příl. :
|b il., faksim. ;
|c 25 cm
|
| 500 |
|
|
|a 5000 výt.
|
| 648 |
|
7 |
|a 1938-1945
|7 ch525257
|2 czenas
|
| 650 |
0 |
7 |
|a protifašistický odboj
|7 ph115901
|z Česko
|y 1938-1945
|2 czenas
|
| 650 |
0 |
7 |
|a druhá světová válka (1939-1945)
|7 ph117270
|z Česko
|2 czenas
|
| 650 |
0 |
7 |
|a železničáři
|7 ph339349
|z Česko
|y 1938-1945
|2 czenas
|
| 650 |
0 |
7 |
|a železniční doprava
|7 ph127919
|z Česko
|y 1938-1945
|2 czenas
|
| 655 |
|
7 |
|a monografie
|7 fd132842
|2 czenas
|
| 700 |
1 |
|
|a Malá, Irena,
|d 1930-2017
|7 jk01073169
|4 aut
|
| 700 |
1 |
|
|a Kubátová, Ludmila,
|d 1927-2014
|7 jk01070281
|4 aut
|
| 910 |
|
|
|a BOA001
|b 3-0764.470
|
| 990 |
|
|
|a BK
|
| 991 |
|
|
|b 202009
|
| 996 |
6 |
|
|b 2618898646
|c 3-0764.470
|l MZK
|r Sklad / do 1 hodiny
|n 1
|w 001827221
|u 000010
|a 1
|e BOA001
|j MZK50
|s P
|